000
00317nam a2200109Ia 4500
008
171211s9999 xx 000 0 und d
245
4
_a
The Ecology of Games: Connecting Youth, Games, and Learning
245
_c
Katie Salen
260
_c
2008
650
_x
GAMES
856
_u
http://down.ebook777.com/055/0262195755.pdf
999
_c
348928
_d
348928